000 00836cam a22002651 4500
001 17732
003 BD-RjUL
005 20211209000202.0
008 140217s1967 nyu 000 1 eng
035 _a(BD-RjUL)17790
040 _aDLC
_cMB
_dBD-RjUL
_beng
041 _aeng
082 0 0 _a813.54
_bARN 1967
100 1 _aArnold, Elliott,
_d1912-
_954658
245 1 2 _aA night of watching /
_cElliott Arnold.
260 _aNew York :
_bScribner,
_cc1967.
300 _a441 p. ;
_c22 cm.
650 0 _aWorld War, 1939-1945
_xUnderground movements
_xFiction.
_954659
650 0 _aWorld War, 1939-1945
_zDenmark
_xFiction.
_954660
651 0 _aDenmark
_xHistory
_yGerman occupation, 1940-1945
_xFiction.
_954661
655 7 _aWar stories.
_2gsafd
_954665
942 _2ddc
_cBK
999 _c17732
_d17732